| 000 | 00824nam a2200193Ia 4500 | ||
|---|---|---|---|
| 008 | 151121s9999||||xx |||||||||||||| ||und|| | ||
| 082 | _a915।42/मंगळ | ||
| 082 | _bHNW-75736 | ||
| 100 | _aमंगळवेढेकर राजा | ||
| 245 | _a आपला भारत 17 -गांगेय उत्तरप्रदेश | ||
| 260 | _b"दिलीपराज प्रकाशन प्रा। लि।, पुणे।" | ||
| 260 | _c-- | ||
| 300 | _a106 | ||
| 600 | _aमंगळवेढेकर राजा | ||
| 630 | _a आपला भारत 17 -गांगेय उत्तरप्रदेश | ||
| 700 | _aमंगळवेढेकर राजा | ||
| 730 | _a आपला भारत 17 -गांगेय उत्तरप्रदेश | ||
| 942 | _cBOOK | ||
| 999 |
_c1257169 _d1257166 |
||